[Event "LiSB-ch C"]
[Site "Stein"]
[Date "2000.12.02"]
[Round "6"]
[White "Goossens, Frans"]
[Black "Dols, Jos"]
[Result "1/2-1/2"]
[WhiteElo "1611"]
[BlackElo "1562"]
[PlyCount "46"]
[EventDate "2000.11.25"]
[EventType "swiss"]
[EventRounds "7"]
[EventCountry "NED"]
[SourceTitle "EXT 2013"]
[Source "ChessBase"]
[SourceDate "2012.11.22"]
[SourceVersion "1"]
[SourceVersionDate "2012.11.22"]
[SourceQuality "1"]

1. d4 d5 2. c4 Nf6 3. Nc3 c6 4. e3 Nbd7 5. Nf3 g6 6. Be2 Bg7 7. 0-0 0-0 8. Bd2 dxc4 9. Bxc4 Nb6 10. Be2 Bg4 11. Rc1 Bxf3 12. Bxf3 Nc4 13. b4 e5 14. Be1 exd4 15. exd4 Nb6 16. Ne2 Rc8 17. Qb3 Re8 18. Rd1 Qe7 19. Bc3 Nfd5 20. Rfe1 Qd6 21. a3 Nxc3 22. Qxc3 Nd5 23. Qc5 Qxc5 1/2-1/2

[Event "LiSB-ch C"]
[Site "Stein"]
[Date "2000.11.26"]
[Round "4"]
[White "Goossens, Frans"]
[Black "Te Boekhorst, Rene"]
[Result "1-0"]
[WhiteElo "1611"]
[BlackElo "1342"]
[PlyCount "40"]
[EventDate "2000.11.25"]
[EventType "swiss"]
[EventRounds "7"]
[EventCountry "NED"]
[SourceTitle "EXT 2013"]
[Source "ChessBase"]
[SourceDate "2012.11.22"]
[SourceVersion "1"]
[SourceVersionDate "2012.11.22"]
[SourceQuality "1"]

1. d4 d5 2. c4 dxc4 3. Nc3 e6 4. e4 Nc6 5. Nf3 Be7 6. Bxc4 Na5 7. Qa4+ Nc6 8. d5 exd5 9. exd5 Bd7 10. dxc6 Bxc6 11. Bb5 Qd7 12. Bxc6 bxc6 13. 0-0 Nf6 14. Rd1 Qe6 15. Ng5 Qc8 16. Qxc6+ Nd7 17. Rxd7 Qxd7 18. Qxa8+ Bd8 19. Qe4+ Be7 20. Be3 0-0 1-0

[Event "LiSB-ch C"]
[Site "Stein"]
[Date "2000.11.25"]
[Round "2"]
[White "Hornix, Mat"]
[Black "Goossens, Frans"]
[Result "0-1"]
[WhiteElo "1512"]
[BlackElo "1611"]
[PlyCount "92"]
[EventDate "2000.11.25"]
[EventType "swiss"]
[EventRounds "7"]
[EventCountry "NED"]
[SourceTitle "EXT 2013"]
[Source "ChessBase"]
[SourceDate "2012.11.22"]
[SourceVersion "1"]
[SourceVersionDate "2012.11.22"]
[SourceQuality "1"]

1. e4 c5 2. Nf3 d6 3. d4 cxd4 4. Nxd4 Nf6 5. Nc3 a6 6. Be2 e6 7. Bg5 Be7 8. 0-0 0-0 9. Qd2 Nc6 10. Nb3 Qc7 11. a4 b6 12. f3 Bb7 13. Bf4 Rfd8 14. Rfd1 Nh5 15. Be3 Nf6 16. Qe1 Rac8 17. Qf2 Rd7 18. Bxb6 Qb8 19. Nc5 dxc5 20. Bxc5 Rxd1+ 21. Rxd1 Bxc5 22. Qxc5 Qa7 23. Qxa7 Nxa7 24. e5 Nd5 25. Kf2 Nxc3 26. bxc3 Nc6 27. Rd7 Rb8 28. f4 Kf8 29. Bf3 Na5 30. Bxb7 Nxb7 31. Ke3 Ke8 32. Rc7 Nd8 33. Ra7 Rb6 34. Ra8 Kd7 35. Ra7+ Kc8 36. Ra8+ Kc7 37. Kd3 Rc6 38. Kd2 f6 39. Kd3 fxe5 40. fxe5 Nb7 41. Kd4 Kb6 42. Rb8 Rc7 43. c4 Rd7+ 44. Kc3 Rd8 45. Rxd8 Nxd8 46. Kd4 Nc6+ 0-1